| 000 | 00704nam a2200217 a 4500 | ||
|---|---|---|---|
| 001 | 4569 | ||
| 003 | CDMR | ||
| 005 | 20131113122002.0 | ||
| 008 | 130130s1986||||||||||||||||||||||||||||d | ||
| 020 | _a8439883439 | ||
| 040 |
_aCDMR _bcat _cCDMR |
||
| 245 | 0 | 0 |
_aFormación de técnicos e investigadores en tecnologías de la información _b: análisis de la oferta y la demanda de estos profesionales en España |
| 260 |
_aMadid _c1986 _bFundesco |
||
| 300 | _a153 p. | ||
| 490 | 0 | _aLos libros de Fundesco | |
| 490 | 0 | _aEstudios y Documentos | |
| 650 | 0 | 4 |
_93364 _aTecnologia de la informació |
| 650 | 0 | 4 |
_9637 _aComunicació _xEnsenyament |
| 650 | 0 | 4 |
_93083 _aCompetències professionals |
| 942 |
_cMON _2udc |
||
| 999 |
_c4569 _d4569 |
||